Η ανακάλυψη των πολιτισμών στον 18ο αιώνα = La decouverte des cultures au XVIIIe siecle

Αποθηκεύτηκε σε:
Λεπτομέρειες βιβλιογραφικής εγγραφής
Κύριος συγγραφέας: Schlobach, Jochen
Άλλοι συγγραφείς: Πολυκανδριώτη, Ράνια (Μεταφραστής), Παναγιωτόπουλος, Βασίλης, 1932- (Συγγραφέας εισαγωγής κ.λπ.)
Μορφή: Βιβλίο
Γλώσσα:Greek
French
Δημοσίευση: Αθήνα : Κέντρο Νεοελληνικών Ερευνών Εθνικού Ιδρύματος Ερευνών, 1997
Σειρά:Ετήσια διάλεξη Κ. Θ. Δημαρά ; ; 1996
Θέματα:
Ετικέτες: Προσθήκη ετικέτας
Δεν υπάρχουν, Καταχωρήστε ετικέτα πρώτοι!

MARC

LEADER 00000nam a2200000 i 4500
001 1/52727
008 070828s1997 gre d
020 |a 960-7094-59-X 
035 |l 10090083 
040 |a GR-MY-UA  |b gre  |e aacr 
041 0 |a gre  |a fre 
082 0 |a 909.7  |2 (22) 
100 1 |a Schlobach, Jochen. 
245 1 2 |a Η ανακάλυψη των πολιτισμών στον 18ο αιώνα =  |b La decouverte des cultures au XVIIIe siecle /  |c Jochen Schlobach ; μετάφραση Ράνια Πολυκανδριώτη ; [προσφώνηση Βασίλης Παναγιωτόπουλος] 
246 2 1 |a La decouverte des cultures au XVIIIe siecle 
260 |a Αθήνα :   |b Κέντρο Νεοελληνικών Ερευνών Εθνικού Ιδρύματος Ερευνών,   |c 1997 
300 |a 102 σ.;  |c 19 εκ. 
490 1 |a Ετήσια διάλεξη "Κ. Θ. Δημαρά"  |v ; 1996 
504 |a Περιλαμβάνει βιβλιογραφίες 
650 0 0 |a Civilization. 
650 0 0 |a Civilization, Modern. 
650 0 0 |a Civilization, Modern  |y 18th century. 
650 0 0 |a History, Modern. 
650 0 0 |a History, Modern  |y 18th century. 
700 1 |a Πολυκανδριώτη, Ράνια.  |4 trl 
700 1 |a Παναγιωτόπουλος, Βασίλης,   |d 1932-  |4 aui 
830 0 |a Ετήσια διάλεξη Κ. Θ. Δημαρά ;  |v ; 1996 
852 |a INST  |b RHODES  |e 20070828  |h 909.7 SCH  |p 005400026023  |q 005400026023  |t BK  |y 0 
901 |a BIBL4-2007-2 
909 |a Ρ  |b 136348 
922 |a 4ΕΛΗ  |b 200707  |c ΕΠΕΑΕΚ2/ΠΤΔΕ  |d Σ. ΠΑΤΑΚΗΣ 
970 |a ΧΑΡΙΟΠΟΛΙΤΟΥ  |b ΚΩΝΣΤΑΝΤΙΝΑ  |z 2007/08/28